Hỗ trợ ra quyết định với mạng quyết định không thứ tự : Luận văn thạc sĩ công nghệ thông tin. Chuyên ngành hệ thống thông tin
Nội dung của đề tài tập trung nghiên cứu lý thuyết mạng quyết định không thứ tự (LIMID) cùng các thuật toán giải quyết, tìm phương án tối ưu các chính sách trong mạng quyết định. Mô hình mạng quyết định không thứ tự được áp dụng để xây...
Gardado en:
| Autor Principal: | |
|---|---|
| Formato: | Libro |
| Idioma: | Undetermined |
| Publicado: |
Cần Thơ
Trường Đại học Cần Thơ
2009
|
| Những chủ đề: | |
| Các nhãn: |
Engadir etiqueta
Sen Etiquetas, Sexa o primeiro en etiquetar este rexistro!
|
| Thư viện lưu trữ: | Trung tâm Học liệu Trường Đại học Cần Thơ |
|---|
| LEADER | 01588nam a2200217Ia 4500 | ||
|---|---|---|---|
| 001 | CTU_157199 | ||
| 008 | 210402s9999 xx 000 0 und d | ||
| 082 | |a 003.56 | ||
| 082 | |b H407 | ||
| 088 | |a 60480104 | ||
| 100 | |a Nguyễn, Tấn Hoàng | ||
| 245 | 0 | |a Hỗ trợ ra quyết định với mạng quyết định không thứ tự : | |
| 245 | 0 | |b Luận văn thạc sĩ công nghệ thông tin. Chuyên ngành hệ thống thông tin | |
| 245 | 0 | |c Nguyễn Tấn Hoàng; Huỳnh Xuân Hiệp (Hướng dẫn khoa học) | |
| 260 | |a Cần Thơ | ||
| 260 | |b Trường Đại học Cần Thơ | ||
| 260 | |c 2009 | ||
| 520 | |a Nội dung của đề tài tập trung nghiên cứu lý thuyết mạng quyết định không thứ tự (LIMID) cùng các thuật toán giải quyết, tìm phương án tối ưu các chính sách trong mạng quyết định. Mô hình mạng quyết định không thứ tự được áp dụng để xây dựng mô hình hỗ trợ ra quyết định cho bài toán quyết định về các chính sách dinh dưỡng tại tỉnh Đồng Tháp. | ||
| 650 | |a Ra quyết định, Máy tính hỗ trợ,Lý thuyết quyết định thống kê Bayes,Artificial Intelligence,Trí tuệ nhân tạo,Bayesian statistical decision theory,Decision making, Computer-Assisted,Expert systems (Computer science) | ||
| 904 | |i Năm | ||
| 980 | |a Trung tâm Học liệu Trường Đại học Cần Thơ | ||